书目信息 |
| 题名: |
沉默的羔羊
|
|
| 作者: | 哈里斯 著 ;杨昊成 译 | |
| 分册: | ||
| 出版信息: | 南京 译林出版社 2007.03 |
|
| 页数: | 358页 | |
| 开本: | 23cm | |
| 丛书名: | ||
| 单 册: | ||
| 中图分类: | I712.45 | |
| 科图分类: | ||
| 主题词: | 长篇小说--chang pian xiao shuo--美国--现代 | |
| 电子资源: | ||
| ISBN: | 978-7-5447-0151-8 | |
| 000 | 01068nam0 2200277 450 | |
| 001 | 012008939744 | |
| 005 | 20080509115053.87 | |
| 010 | @a978-7-5447-0151-8@dCNY25.00 | |
| 100 | @a20080509d2007 em y0chiy0120 ea | |
| 101 | 1 | @achi@ceng |
| 102 | @aCN@b320000 | |
| 105 | @ay a 000ay | |
| 106 | @ar | |
| 200 | 1 | @a沉默的羔羊@Achen mo de gao yang@d= The silence of the lambs@f(美) 托马斯·哈里斯著@F(mei)tuo ma si·ha li si zhu@g杨昊成译@Gyang hao cheng yi@zeng |
| 205 | @a第2版 | |
| 210 | @a南京@c译林出版社@d2007.03 | |
| 215 | @a358页@d23cm | |
| 320 | @a有书目 | |
| 330 | @a《沉默的羔羊》的精华在于莱克特和史达琳的交锋,一方是邪恶的诸葛亮,另一方是初出茅庐的刘备,他们的反差非常大,渗透到性别、年龄、个性、为人处世各个层面,这为他俩的互相利用创造了绝妙的条件。 | |
| 500 | 10 | @aSilence of the lambs@mChinese |
| 606 | 0 | @a长篇小说@Achang pian xiao shuo@y美国@z现代 |
| 690 | @aI712.45@v4 | |
| 701 | 1 | @a哈里斯@Aha li si@g(Harris, Thomas)@4著 |
| 702 | 0 | @a杨昊成@Ayang hao cheng@4译 |
| 801 | 0 | @aCN@bQSSK@c20080509 |
| 905 | @b709381-83@dI712.45@eH023@f3 | |
| 沉默的羔羊= The silence of the lambs/(美) 托马斯·哈里斯著/杨昊成译.-第2版.-南京:译林出版社,2007.03 |
| 358页;23cm |
| ISBN 978-7-5447-0151-8:CNY25.00 |
| 《沉默的羔羊》的精华在于莱克特和史达琳的交锋,一方是邪恶的诸葛亮,另一方是初出茅庐的刘备,他们的反差非常大,渗透到性别、年龄、个性、为人处世各个层面,这为他俩的互相利用创造了绝妙的条件。 |
| ● |
| 相关链接 |
|
|
|
正题名:沉默的羔羊
索取号:I712.45/H023
 
预约/预借
| 序号 | 登录号 | 条形码 | 馆藏地/架位号 | 状态 | 备注 |
| 1 | 709381 | 207093811 | 社科二线400B/400B社科库 25排1列1层/ [索取号:I712.45/H023] | 在馆 | |
| 2 | 709382 | 207093820 | 社科二线400B/400B社科库 25排3列1层/ [索取号:I712.45/H023] | 在馆 | |
| 3 | 709383 | 207093839 | 文学库116/400B社科库 22排3列5层/ [索取号:I712.45/H023] | 在馆 |